000
00307nam a22001337a 4500
003
OSt
008
240731b |||||||| |||| 00| 0 eng d
082
_a
330.1410954
_b
A17A
100
_a
Acharya,S.S.
245
_a
Agriculture Marketing in India
260
_a
Oxford
_c
2004
300
_a
506
942
_2
ddc
_c
BK
999
_c
42935
_d
42935